Witholding of payment (Record no. 70625)

MARC details
000 -LEADER
fixed length control field 01330cam a2200229 4500
001 - CONTROL NUMBER
control field ABS65582
008 - FIXED-LENGTH DATA ELEMENTS--GENERAL INFORMATION
fixed length control field 020701n2002 000 0 eng u
035 ## - SYSTEM CONTROL NUMBER
System control number (Sirsi) u118604
100 ## - MAIN ENTRY--PERSONAL NAME
Personal name Brewer, G.
245 ## - TITLE STATEMENT
Title Witholding of payment
260 ## - PUBLICATION, DISTRIBUTION, ETC.
Date of publication, distribution, etc. 2002
490 ## - SERIES STATEMENT
Series statement Contract Journal
Volume/sequential designation 413(6379) 29 May 2002, 42(1)
520 ## - SUMMARY, ETC.
Summary, etc. Discusses the issues surrounding the issue of a withholding notice in accordance with the Construction Act. One of the comments comes from SL Timber System v Carillion Construction, which concluded that where the paying party disputes the the amount properly due under the contract there will be no requirement to serve a witholding notice. Reports that fringe arguments still need to be discussed and these still cause some difficulty. These include the example found in Clark Contracts v The Burell Co (Construction management) where Clark in placing the case before court, did not specify the works which it had performed and simply relied upon the issue of the interim payment.
590 ## - LOCAL NOTE (RLIN)
Local note ABS
650 ## - SUBJECT ADDED ENTRY--TOPICAL TERM
Topical term or geographic name entry element WITHOLDING PAYMENT
650 ## - SUBJECT ADDED ENTRY--TOPICAL TERM
Topical term or geographic name entry element SL TIMBER SYSTEMS V CARILLION CONSTRUCTION
650 ## - SUBJECT ADDED ENTRY--TOPICAL TERM
Topical term or geographic name entry element CLARK CONTRACTS V THE BURELL CO
650 ## - SUBJECT ADDED ENTRY--TOPICAL TERM
Topical term or geographic name entry element BUILT ENVIRONMENT-BUILDING CONTRACT FORMS
650 ## - SUBJECT ADDED ENTRY--TOPICAL TERM
Topical term or geographic name entry element JCT FORMS
690 ## - LOCAL SUBJECT ADDED ENTRY--TOPICAL TERM (OCLC, RLIN)
Topical term or geographic name as entry element BUILT ENVIRONMENT-BUILDING CONTRACT FORMS
942 ## - ADDED ENTRY ELEMENTS (KOHA)
Suppress in OPAC 0
Holdings
Withdrawn status Lost status Source of classification or shelving scheme Damaged status Not for loan Home library Current library Shelving location Date acquired Total Checkouts Full call number Barcode Date last seen Copy number Price effective from Koha item type
    Dewey Decimal Classification     London London Journal article 01/07/2002   ABS65582 118604-1001 06/08/2019 1 06/08/2019 Journal article